000 00621nam a2200193 i 4500
001 135514
003 ES-MaACL
005 20230906194910.0
007 t|
008 070719s1976 sp ||||1| spa d
100 1 _aTorrents dels Prats, Alfonso.
_9110866
245 1 0 _aDiccionario de dificultades del inglés /
_cAlfonso Torrents dels Prats ; prólogo de Salvador de Madariaga.
250 _a[1ª ed.].
260 _aBarcelona :
_bJuventud,
_c[1976]
300 _a493 p. ;
_c20 cm.
700 1 _aMadariaga, Salvador de,
_d1886-1978
_975292
852 _aES-MaACL
_jL-1066
_bR.101110
999 _c135514
_d135514